| 000 | 00518nam a2200169 4500 | ||
|---|---|---|---|
| 999 |
_c168957 _d168957 |
||
| 005 | 20191101110208.0 | ||
| 010 | _aENG-126773 | ||
| 020 |
_a9789384755362 _c575.00 |
||
| 035 | _aEN-110305 | ||
| 037 | _bDBAD/PUB | ||
| 082 | _aS | ||
| 245 |
_aSelected stories of arabian nights _bSecond Chapter |
||
| 260 |
_aDelhi _bSumit Booka _c2018 |
||
| 270 |
_aE-1/267, Second Floor, Street No.-16 _bNear Old Dispensari, Soia Vihar, Delhi _e110090 _mbooksumit@gmail.com |
||
| 300 |
_a192p. _c22cm(Hb) |
||
| 942 |
_2ddc _cEN _hS _mSEL |
||